000 01590nac a22004091u 4500
003 EG-ScBUE
005 20220822103911.0
008 200219t1998 nyua f 001 0 eng d
020 _a0471184187 (pbk. : alk. paper)
020 _a9780471184188
035 _a(DLC) 97046730
040 _aEG-ScBUE
_beng
_erda
_cEG-ScBUE
_dEG-ScBUE
082 0 4 _a720.28402855369
_bSNY
_222
100 1 _aSnyder, James,‏
_d1928-1990,
_eauthor.
245 1 0 _aArchitectural construction drawings with AutoCAD R14 /
_cJames Snyder.
264 1 _aNew York :
_bJohn Wiley and Sons, Inc.,
_c[1998]
264 4 _cc1998
300 _axix, 330 pages :
_billustrations ;
_c24 cm +
_e1 computer disk
336 _2rdacontent
_atext
_btxt
336 _2rdacontent
_asounds
_bsnd
337 _2rdamedia
_aunmediated
_bn
337 _2rdamedia
_aaudio
_bs
338 _2rdacarrier
_avolume
_bnc
338 _2rdacarrier
_aaudio disc
_bsd
500 _aIncludes index.
500 _aIncludes Appendices.
538 _aSystem requirements for accompanying computer disk: IBM PC; Windows 95, Windows NT 3.51, or windows NT 4.0.
650 7 _aStructural drawing.
_2BUEsh
650 7 _aArchitectural drawing.
_2BUEsh
651 _2BUEsh
653 _bENGARC
655 _vReading book
_934232
856 4 2 _3Contributor biographical information
_uhttp://www.loc.gov/catdir/bios/wiley041/97046730.html
856 4 2 _3Publisher description
_uhttp://www.loc.gov/catdir/description/wiley031/97046730.html
856 4 2 _3Table of Contents
_uhttp://www.loc.gov/catdir/toc/onix01/97046730.html
942 _cBB
_2ddc
999 _c4066
_d4066